000 00687nam a2200277Ia 4500
005 20260324113803.0
008 008 260324s9999 xx 000 0 eng d
020 _a9781032649566
037 _aEBOOK
040 _aCRL
040 _beng
040 _cCRL
041 _2eng
041 _aeng
084 _qCRL
100 _aDieter Bentley-Gockmann; Royal Institute of British Architects (RIBA)
_91148168
245 0 _aRIBA Health and Safety Guide
260 _bTaylor and Francis
260 _c2023
365 _a
365 _b135
856 _uhttp://www.taylorfrancis.com/books/9781032649566
942 _cEBOOK
999 _c1738001
_d1738001